<?xml version="1.0" encoding="UTF-8"?>
<record
    xmlns:xsi="http://www.w3.org/2001/XMLSchema-instance"
    xsi:schemaLocation="http://www.loc.gov/MARC21/slim http://www.loc.gov/standards/marcxml/schema/MARC21slim.xsd"
    xmlns="http://www.loc.gov/MARC21/slim">

  <leader>03971cam a2200325 i 4500</leader>
  <controlfield tag="001">in00024337047</controlfield>
  <controlfield tag="003">DLC</controlfield>
  <controlfield tag="005">20260312095843.0</controlfield>
  <controlfield tag="007">t|</controlfield>
  <controlfield tag="008">250930s2025    enk      b    001 0 eng  </controlfield>
  <datafield tag="010" ind1=" " ind2=" ">
    <subfield code="a">  2025938718</subfield>
  </datafield>
  <datafield tag="020" ind1=" " ind2=" ">
    <subfield code="a">9781398623675</subfield>
    <subfield code="q">paperback</subfield>
  </datafield>
  <datafield tag="020" ind1=" " ind2=" ">
    <subfield code="a">9781398623682</subfield>
    <subfield code="q">hardback</subfield>
  </datafield>
  <datafield tag="020" ind1=" " ind2=" ">
    <subfield code="z">9781398623699</subfield>
    <subfield code="q">ebook</subfield>
  </datafield>
  <datafield tag="040" ind1=" " ind2=" ">
    <subfield code="a">DLC</subfield>
    <subfield code="b">eng</subfield>
    <subfield code="e">rda</subfield>
    <subfield code="c">DLC</subfield>
    <subfield code="d">DLC</subfield>
    <subfield code="d">DLC-MRC</subfield>
  </datafield>
  <datafield tag="041" ind1=" " ind2=" ">
    <subfield code="a">English</subfield>
  </datafield>
  <datafield tag="042" ind1=" " ind2=" ">
    <subfield code="a">pcc</subfield>
  </datafield>
  <datafield tag="050" ind1="0" ind2="0">
    <subfield code="a">HD30.28</subfield>
    <subfield code="b">.B3685 2025</subfield>
  </datafield>
  <datafield tag="100" ind1=" " ind2=" ">
    <subfield code="a">Barrow, Colin</subfield>
    <subfield code="e">author</subfield>
    <subfield code="4">aut</subfield>
    <subfield code="4">http://id.loc.gov/vocabulary/relators/aut</subfield>
    <subfield code="0">http://id.loc.gov/authorities/names/n85059174</subfield>
    <subfield code="1">http://id.loc.gov/rwo/agents/n85059174</subfield>
    <subfield code="9">1474</subfield>
  </datafield>
  <datafield tag="245" ind1="1" ind2="4">
    <subfield code="a">The business plan workbook </subfield>
    <subfield code="b">: a step-by-step guide to creating and developing a successful business </subfield>
    <subfield code="c">/ Colin Barrow.</subfield>
  </datafield>
  <datafield tag="250" ind1=" " ind2=" ">
    <subfield code="a">Eleventh edition.</subfield>
  </datafield>
  <datafield tag="264" ind1=" " ind2="1">
    <subfield code="a">London ;</subfield>
    <subfield code="a">New York, NY :</subfield>
    <subfield code="b">Kogan Page Inc,</subfield>
    <subfield code="c">2025.</subfield>
  </datafield>
  <datafield tag="300" ind1=" " ind2=" ">
    <subfield code="a">xvii, 292 pages</subfield>
    <subfield code="c">24 cm</subfield>
  </datafield>
  <datafield tag="504" ind1=" " ind2=" ">
    <subfield code="a">Includes bibliographical references and index .</subfield>
  </datafield>
  <datafield tag="505" ind1=" " ind2=" ">
    <subfield code="a">Section - ONE: Strategy and purpose
&#x2014; Coming up with a winning idea for your business plan
&#x2014; Strategy &#x2013; the big picture
&#x2014; You and your team &#x2014; 


Section - TWO: Market research
&#x2014; Researching customers
&#x2014; Researching competitors
&#x2014; A plan for market research &#x2014; 


Section - THREE: Competitive marketing strategies
&#x2014; Products and/or services
&#x2014; Pricing
&#x2014; Advertising and promotion
&#x2014; Place and distribution
&#x2014; People, process and physical environment
&#x2014; Competing online &#x2014; 

Section - FOUR: Operations
&#x2014; The selling methods plan
&#x2014; Making, outsourcing and supplies
&#x2014; Legal and regulatory factors &#x2014; 

Section - FIVE: Reviewing financing requirements and options
&#x2014; The sales forecast
&#x2014; Cash-flow projections
&#x2014; The profit and loss account
&#x2014; The balance sheet
&#x2014; Break-even analysis
&#x2014; Estimating financing requirements
&#x2014; Stress testing your business projections &#x2014; 


Section - SIX: Business controls
&#x2014; Financial controls
&#x2014; Sales and marketing controls
&#x2014; Other business controls &#x2014; 


Section - SEVEN: Writing up and presenting your business plan
&#x2014; Writing up and presenting your business plan</subfield>
  </datafield>
  <datafield tag="520" ind1=" " ind2=" ">
    <subfield code="a">The essential textbook for building credible business plans that attract investment and drive results.

Now in its 11th edition, The Business Plan Workbook is a trusted guide for postgraduate students and early-stage entrepreneurs studying business strategy, entrepreneurship, and venture planning. Developed from the renowned methodology taught at Cranfield School of Management, this textbook aligns with course outcomes across business modeling, market analysis, and financial forecasting.

Structured around 26 critical areas of business planning, this edition enables students to stress-test their ideas and develop strategic clarity. New content explores how to use AI in market segmentation, financial projections, and SWOT modeling. Updated with real-world examples from companies including Nubank, YuLife, Doctolib, and Inceptio Technology, it also addresses evolving investor expectations and the impact of regulatory shifts across tax, trade, and policy.

Designed to support independent learning and classroom use, this practical guide includes:

- Structured assignments to apply key planning principles step by step.

- Case studies from high-growth startups and global innovators.

- Insights into narrative-building and storytelling for investment.

- Downloadable resources, including 80 PowerPoint slides and customizable templates.

Whether studying entrepreneurship or preparing a pitch for your own venture, The Business Plan Workbook provides the skills and tools to develop a compelling, viable business proposition.</subfield>
  </datafield>
  <datafield tag="650" ind1=" " ind2="0">
    <subfield code="a">Business planning</subfield>
    <subfield code="0">http://id.loc.gov/authorities/subjects/sh85032906</subfield>
    <subfield code="9">1415</subfield>
  </datafield>
  <datafield tag="650" ind1=" " ind2="0">
    <subfield code="a">Business enterprises</subfield>
    <subfield code="x">Finance</subfield>
    <subfield code="0">http://id.loc.gov/authorities/subjects/sh85018286</subfield>
    <subfield code="9">379</subfield>
  </datafield>
  <datafield tag="942" ind1=" " ind2=" ">
    <subfield code="2">lcc</subfield>
  </datafield>
  <datafield tag="952" ind1=" " ind2=" ">
    <subfield code="0">0</subfield>
    <subfield code="1">0</subfield>
    <subfield code="2">lcc</subfield>
    <subfield code="4">0</subfield>
    <subfield code="7">0</subfield>
    <subfield code="a">TBS</subfield>
    <subfield code="b">TBS</subfield>
    <subfield code="d">2026-03-12</subfield>
    <subfield code="l">0</subfield>
    <subfield code="r">2026-03-12</subfield>
    <subfield code="t">1</subfield>
    <subfield code="w">2026-03-12</subfield>
    <subfield code="y">1</subfield>
    <subfield code="z">SOON AVAILABLE</subfield>
  </datafield>
  <datafield tag="999" ind1=" " ind2=" ">
    <subfield code="c">5416</subfield>
    <subfield code="d">5416</subfield>
  </datafield>
</record>
